000 00289nam a22001217a 4500
008 170531b xxu||||| |||| 00| 0 eng d
041 _aeng
080 _a94
100 _a17
101 _aSHH
245 _aSCHOOL THE STORY OF AMERICNA PUBLIC EDUCATION
_cTYACK.D
942 _2udc
_cBK
999 _c15152
_d15152